000 00263nam a22001217a 4500
082 _a684 GRO'G
100 _aGRONEMAN, CHRIS H
_957535
245 _aGENERAL WOODWORKING
250 _a3RD
260 _aNEWYORK
_bMCGRAW HILL
_c1964
300 _a326P
942 _cBK
999 _c567810
_d567810